000 00411nam a2200181Ia 4500
001 2411
005 20260306144805.0
008 260306t1965||||xx |||||||||||||| ||spa||
041 _aESP
082 _a616.89
_bL563
100 _aLogre, B. J.,
_eAUT
245 0 _aPsiquiatría clínica
260 _c1965
300 _a302 páginas :
_c20 cm.
650 _aGEN
654 _aCPS
942 _cLIB
_dJUS
_fJUS
_2ddc
_n
999 _c2411
_d2411